000 00781nam a2200241Ia 4500
003 OSt
005 20221002044011.0
006 a|||||r|||| 00| 0
007 ta
008 220930b |||||||| |||| 00| 0 eng d
020 _a8173051879 (hbk)
_c4400
024 _a87349
037 _b9672, 29/03/2007, Aryan Books International
_cReference Collections
040 _aCRL
_cCRL
_beng
041 _2eng
_aeng
082 _aNA49Gk, P4-.2(RR)
100 _aHavell E.B.
245 0 _aEncyclopaedia of architecture in the Indian subcontinent
260 _aNew Delhi
_bAryan Books International
_c2004
650 _aARTS
942 _hNA49Gk, P4-.2(RR)
_cref
_2CC
999 _c909363
_d909363